Graden Design : (Record no. 36493)
[ view plain ]
| 000 -LEADER | |
|---|---|
| fixed length control field | 00578nam a22001817a 4500 |
| 005 - DATE AND TIME OF LATEST TRANSACTION | |
| control field | 20240829111701.0 |
| 008 - FIXED-LENGTH DATA ELEMENTS--GENERAL INFORMATION | |
| fixed length control field | 240829b |||||||| |||| 00| 0 eng d |
| 020 ## - INTERNATIONAL STANDARD BOOK NUMBER | |
| ISBN | 0-75255-470-0 |
| 082 ## - DEWEY DECIMAL CLASSIFICATION NUMBER | |
| Item number | PHI-G |
| Classification number | 712.6 |
| 100 ## - MAIN ENTRY--AUTHOR | |
| Author Name | Philips, Barty |
| 245 ## - TITLE STATEMENT | |
| Title | Graden Design : |
| Remainder of title | The Essential reference guide for all aspects of Gradening / |
| Statement of responsibility, etc. | by Barty, Philips and Andrew Newton Cox (Photoghrapher) |
| 260 ## - PUBLICATION, DISTRIBUTION, ETC. | |
| Place of Publication | China : |
| Name of publisher, distributor, etc. | Paragon ; |
| Date of publication, distribution, etc. | 2000. |
| 300 ## - PHYSICAL DESCRIPTION | |
| Pages | 256 p. : |
| 500 ## - GENERAL NOTE | |
| General note | Include Index. |
| 650 ## - SUBJECT ADDED ENTRY--TOPICAL TERM | |
| Subject / Department | Argiculture |
| 700 ## - ADDED ENTRY--PERSONAL NAME | |
| Personal name | Newton-Cox, Andrew |
| 300 ## - PHYSICAL DESCRIPTION | |
| -- | ill ; |
| -- | 27 cm . |
| 952 ## - LOCATION AND ITEM INFORMATION (KOHA) | |
| -- | 0 |
| -- | 0 |
| Lost status | Damaged status | Collection code | Permanent Location | Current Location | Shelving Location | Date acquired | Full Call Number | Accession No./Barcode | Date last seen | item type | Koha item type |
|---|---|---|---|---|---|---|---|---|---|---|---|
| Agriculture and Veterinary | Superior Information Resource Center (SIRC) Superior University- Main Campus | Superior Information Resource Center (SIRC) Superior University- Main Campus | Agriculture | 08/29/2024 | 712.6 PHI-G 2001 | 29378 | 08/29/2024 | BOOK | BOOK |
